00406nam a2200157Ia 4500003000400000008004100004040001600045082001300061100001300074245003700087260005200124300001000176490002500186650001500211650002200226GCL140319s9999 xx 000 0 eng d aGCL / cGCL04a843bA E1 aARISTOTE10aETHIQUE A NICOMAQUE / cARISTOTE a[S.N] : bLIBRAIRE GENERALE FRANCAISE ، c1994 a447 P aLE LIVRE DE POCHEv004aLITERATURE04aFRENCH LITERATURE